Every MLB Teams Stat Leaders - Statistics

General Stats
  • This quiz has been taken 12 times
  • The average score is 112 of 210
Answer Stats
Hint Answer % Correct
Yankees (Home Runs) Babe Ruth (659)
82%
Mariners (Runs Batted In) Edgar Martinez (1261)
82%
Mariners (Doubles) Edgar Martinez (514)
82%
Braves (Runs Batted In) Hank Aaron (2202)
82%
Braves (Hits) Hank Aaron (3600)
82%
Braves (Doubles) Hank Aaron (600)
82%
Braves (Home Runs) Hank Aaron (733)
82%
Rangers (Runs Batted In) Juan Gonzalez (1180)
82%
Rangers (Home Runs) Juan Gonzalez (372)
82%
Cubs (Saves) Lee Smith (180)
82%
Diamondbacks (Hits) Luis Gonzalez (1337)
82%
Diamondbacks (Home Runs) Luis Gonzalez (224)
82%
Diamondbacks (Doubles) Luis Gonzalez (310)
82%
Diamondbacks (Runs Batted In) Luis Gonzalez (774)
82%
Astros (Strikeouts) Nolan Ryan (1866)
82%
Angels (Strikeouts) Nolan Ryan (2416)
82%
Reds (Hits) Pete Rose (3358)
82%
Reds (Doubles) Pete Rose (601)
82%
Diamondbacks (Wins ) Randy Johnson (118)
82%
Diamondbacks (Strikeouts) Randy Johnson (2077)
82%
Red Sox (Home Runs) Ted Williams (521)
82%
Rockies (Runs Batted In) Todd Helton (1406)
82%
Rockies (Hits) Todd Helton (2519)
82%
Rockies (Home Runs) Todd Helton (369)
82%
Rockies (Doubles) Todd Helton (592)
82%
Twins (Strikeouts) Walter Johnson (3508)
82%
Twins (Wins) Walter Johnson (417)
82%
Astros (Saves) Billy Wagner (225)
73%
Red Sox (Wins) Cy Young, Roger Clemens (192)
73%
White Sox (Runs Batted In) Frank Thomas (1465)
73%
White Sox (Doubles) Frank Thomas (447)
73%
White Sox (Homers) Frank Thomas (448)
73%
Royals (Runs Batted In) George Brett (1596)
73%
Royals (Hits) George Brett (3154)
73%
Royals (Home Runs) George Brett (317)
73%
Royals (Doubles) George Brett (665)
73%
Orioles (Strikeouts) Jim Palmer (2212)
73%
Orioles (Wins) Jim Palmer (268)
73%
Yankees (Saves) Mariano Rivera (652)
73%
Rangers (Hits) Michael Young (2230)
73%
Rangers (Doubles) Michael Young (415)
73%
Angels (Home Runs) Mike Trout (404)*
73%
Mets (Home Runs) Pete Alonso (264)*
73%
Brewers (Runs Batted In) Robin Yount (1406)
73%
Brewers (Hits) Robin Yount (3142)
73%
Brewers (Doubles) Robin Yount (583)
73%
Red Sox (Strikeouts) Roger Clemens (2590)
73%
Cubs (Home Runs) Sammy Sosa (545)
73%
Cardinals (Runs Batted In) Stan Musial (1951)
73%
Cardinals (Hits) Stan Musial (3630)
73%
Cardinals (Home Runs) Stan Musial (475)
73%
Cardinals (Doubles) Stan Musial (725)
73%
Tigers (Saves) Todd Jones (235)
73%
Padres (Runs Batted In) Tony Gwynn (1138)
73%
Padres (Hits) Tony Gwynn (3141)
73%
Padres (Doubles) Tony Gwynn (543)
73%
Padres (Saves) Trevor Hoffman (552)
73%
Tigers (Runs Batted In) Ty Cobb (1805)
73%
Tigers (Hits) Ty Cobb (3902)
73%
Tigers (Doubles) Ty Cobb (664)
73%
Giants (Hits) Willie Mays (3187)
73%
Giants (Doubles) Willie Mays (504)
73%
Giants (Home Runs) Willie Mays (646)
73%
Pirates (Runs Batted In) Willie Stargell (1540)
73%
Pirates (Home Runs) Willie Stargell (475)
73%
Tigers (Home Runs) Al Kaline (399)
64%
Cardinals (Wins) Bob Gibson (251)
64%
Cardinals (Strikeouts) Bob Gibson (3117)
64%
Astros (Hits) Craig Biggio (3060)
64%
Astros (Doubles) Craig Biggio (668)
64%
Braves (Saves) Craig Kimbrel (186)
64%
Yankees (Hits) Derek Jeter (3465)
64%
Yankees (Doubles) Derek Jeter (544)
64%
Rays (Home Runs) Evan Longoria (261)
64%
Rays (Doubles) Evan Longoria (338)
64%
Rays (Runs Batted In) Evan Longoria (892)
64%
Mariners (Strikeouts) Felix Hernandez (2524)
64%
Cubs (Strikeouts) Fergie Jenkins (2038)
64%
Padres (Strikeouts) Jake Peavy (1348)
64%
Astros (Runs Batted In) Jeff Bagwell (1529)
64%
Astros (Home Runs) Jeff Bagwell (449)
64%
Guardians (Home Runs) Jim Thome (337)
64%
Reds (Runs Batted In) Johnny Bench (1376)
64%
Reds (Home Runs) Johnny Bench (389)
64%
Braves (Strikeouts) John Smoltz (3011)
64%
Mariners (Home Runs) Ken Griffey Jr (417)
64%
Padres (Home Runs) Manny Machado (194)*
64%
Athletics (Home Runs) Mark Mcgwire (363)
64%
Phillies (Runs Batted In) Mike Schmidt (1595)
64%
Phillies (Home Runs) Mike Schmidt (548)
64%
Pirates (Hits) Roberto Clemente (3000)
64%
Rays (Saves) Roberto Hernandez (101)
64%
Phillies (Wins) Steve Carlton (241)
64%
Phillies (Strikeouts) Steve Carlton (3031)
64%
Mets (Wins) Tom Seaver (198)
64%
Mets (Strikeouts) Tom Seaver (2541)
64%
Orioles (Runs Batted In) Cal Ripken Jr (1695)
55%
Orioles (Hits) Cal Ripken Jr (3184)
55%
Orioles (Home Runs) Cal Ripken Jr (431)
55%
Orioles (Doubles) Cal Ripken Jr (604)
55%
Cubs (Runs Batted In) Cap Anson (1879)
55%
Cubs (Hits) Cap Anson (3011)
55%
Cubs (Doubles) Cap Anson (528)
55%
Blue Jays (Runs Batted In) Carlos Delgado (1058)
55%
Blue Jays (Home Runs) Carlos Delgado (336)
55%
Blue Jays (Doubles) Carlos Delgado (343)
55%
Red Sox (Runs Batted In) Carl Yastrzemski (1844)
55%
Red Sox (Hits) Carl Yastrzemski (3419)
55%
Red Sox (Doubles) Carl Yastrzemski (646)
55%
Blue Jays (Strikeouts) Dave Stieb (1658)
55%
Blue Jays (Wins) Dave Stieb (175)
55%
Mets (Hits) David Wright (1777)
55%
Mets (Doubles) David Wright (390)
55%
Mets (Runs Batted In) David Wright (970)
55%
Dodgers (Runs Batted In) Duke Snider (1271)
55%
Dodgers (Home Runs) Duke Snider (389)
55%
Angels (Runs Batted In) Garrett Anderson (1292)
55%
Angels (Hits) Garrett Anderson (2368)
55%
Angels (Doubles) Garrett Anderson (489)
55%
Marlins (Home Runs) Giancarlo Stanton (267)
55%
Marlins (Runs Batted In) Giancarlo Stanton (672)
55%
Twins (Runs Batted In) Harmon Killebrew (1540)
55%
Twins (Home Runs) Harmon Killebrew (559)
55%
Mariners (Hits) Ichiro Suzuki (2542)
55%
Rays (Strikeouts) James Shields (1250)
55%
Rays (Wins) James Shields (87)
55%
Twins (Saves) Joe Nathan (260)
55%
Astros (Wins) Joe Niekro (144)
55%
Red Sox (Saves) Johnathan Papelbon (219)
55%
Phillies (Saves) Jonathan Papelbon (123)
55%
Yankees (Runs Batted In) Lou Gehrig (1995)
55%
Giants (Runs Batted In) Mel Ott (1860)
55%
Giants (Saves) Rob Nen (206)
55%
Brewers (Home Runs) Ryan Braun (352)
55%
Nationals (Runs Batted In) Ryan Zimmerman (1061)
55%
Nationals (Hits) Ryan Zimmerman (1846)
55%
Nationals (Home Runs) Ryan Zimmerman (284)
55%
Nationals (Doubles) Ryan Zimmerman (417)
55%
Nationals (Strikeouts) Stephen Strasburg (1723)
55%
Braves (Wins) Warren Spahn (356)
55%
Yankees (Strikeouts) Andy Pettitte (2020)
45%
Giants (Strikeouts) Christy Mathewson (2499)
45%
Giants (Hits) Christy Mathewson (372)
45%
Angels (Wins) Chuck Finley (165)
45%
Dodgers (Strikeouts) Clayton Kershaw (3052)
45%
Athletics (Saves) Dennis Eckersley (320)
45%
Dodgers (Wins) Don Sutton (233)
45%
Phillies (Hits) Jimmy Rollins (2306)
45%
Phillies (Doubles) Jimmy Rollins (479)
45%
Mets (Saves) John Franco (276)
45%
Mariners (Saves) Kazuhiro Sasaki (129)
45%
Dodgers (Saves) Kenley Jansen (350)
45%
Marlins (Hits) Luis Castillo (1273)
45%
White Sox (Hits) Luke Appling (2749)
45%
Blue Jays (Hits) Tony Fernandez (1583)
45%
Guardians (Doubles) Tris Speaker (486)
45%
Yankees (Wins) Whitey Ford (236)
45%
Dodgers (Hits) Zach Wheat (2804)
45%
Dodgers (Doubles) Zach Wheat (464)
45%
Guardians (Strikeouts) Bob Feller (2581)
36%
Guardians (Wins) Bob Feller (266)
36%
Rays (Hits) Carl Crawford (1480)
36%
Athletics (Strikeouts) Eddie Plank (1985)
36%
Athletics (Wins) Eddie Plank (284)
36%
Rockies (Strikeouts) German Marquez (1069)
36%
Rockies (Wins) Jorge De La Rosa (86)
36%
Pirates (Doubles) Paul Waner (558)
36%
Blue Jays (Saves) Tom Henke (217)
36%
Angels (Saves) Troy Percival (316)
36%
Pirates (Wins) Wilbur Cooper (202)
36%
Athletics (Runs Batted In) Al Simmons (1178)
27%
Orioles (Saves) Gregg Olson (160)
27%
Royals (Strikeouts) Kevin Appier (1458)
27%
Nationals (Wins) Steve Rogers (158)
27%
White Sox (Wins) Ted Lyons (260)
27%
White Sox (Strikeouts) Billy Pierce (1796)
18%
Pirates (Strikeouts) Bob Friend (1682)
18%
Rockies (Saves) Brian Fuentes (115)
18%
Rangers (Wins) Charlie Hough (139)
18%
Rangers (Strikeouts) Charlie Hough (1452)
18%
Reds (Wins) Eppa Rixey (179)
18%
Padres (Wins) Eric Show (100)
18%
Cardinals (Saves) Jason Isringhausen (217)
18%
Nationals (Saves) Jeff Reardon (152)
18%
Rangers (Saves) John Wetteland (150)
18%
Diamondbacks (Saves) Jose Valverde (98)
18%
Tigers (Strikeouts) Mickey Lolich (2679)
18%
Marlins (Doubles) Mike Lowell (241)
18%
Marlins (Strikeouts) Rickey Nolasco (1001)
18%
Marlins (Wins) Rickey Nolasco (81)
18%
Pirates (Saves) Roy Face (188)
18%
Twins (Hits) Sam Rice (2889)
18%
Twins (Doubles) Sam Rice (479)
18%
Brewers (Strikeouts) Yovani Gallardo (1226)
18%
Athletics (Hits) Bert Campaneris (1882)
9%
White Sox (Saves) Bobby Thigpen (201)
9%
Cubs (Wins) Charlie Root (201)
9%
Reds (Saves) Danny Graves (182)
9%
Brewers (Saves) Dan Plesac (133)
9%
Guardians (Runs Batted In) Earl Averill (1084)
9%
Tigers (Wins) Hooks Dauss (223)
9%
Royals (Saves) Jeff Montgomery (304)
9%
Reds (Strikeouts) Jim Maloney (1592)
9%
Athletics (Doubles) Jimmy Dykes (365)
9%
Brewers (Wins) Jim Slaton (117)
9%
Marlins (Saves) Robb Nenn (108)
9%
Guardians (Saves) Emmanuel Clase (181) 😭
0%
Mariners (Wins) Felix Harnandez (169)
0%
Guardians (Hits) Nap Lajole (2052)
0%
Royals (Wins) Paul Spilttorff (166)
0%
No matching quizzes found
Score Distribution
Percent of People with Each Score
Percentile by Number Answered
Your Score History
You have not taken this quiz